000 01073nam a2200277 4500
001 0000019983
003 CO-CtgCURN
005 20250429224132.0
007 ta
008 160627s2010 000 0 eng d
020 _a9789588635064
040 _aCO-CtgCURN
_bspa
_ccoctgcurn
082 0 _a361.3
_bV838
245 0 0 _aVivir a Freire :
_bdialogos con Trabajo Social /
_cCatalina Echeverri González y María del Carmen Docal Millan (comp.).
260 _aBogotá :
_bCorporación Universitaria Minuto de Dios,
_c2010.
300 _a118 p.
336 _2rdacontent
337 _2rdamedia
_asin mediacion
_bn
338 _2rdacarrier
_avolumen
_bnc
505 8 _aVivir a Freire: recorriendo un camino.--Los maestros que orientaron el proceso.--Algunos de los invitados que participaron.--Algunas de las estudiantes que se atrevieron a escribir
650 1 4 _aEducación
_vevaluacion.
700 1 _aDocal Millan, María del Carmen.
908 _a160627
942 _cBK
_h361.3
_iV838
_2ddc
999 _c40280
_d40280